| 000 | 00697nam a2200241 4500 | ||
|---|---|---|---|
| 003 | OSt | ||
| 005 | 20240626030137.0 | ||
| 006 | a | ||
| 008 | 240626b |||||||| |||| 00| 0 eng d | ||
| 020 | _a9781405161046 | ||
| 040 |
_aDWCL-HMN lib. _cOC |
||
| 082 | _aCirc. 616.810231 Ac189 2010 | ||
| 245 | _aAcute stroke nursing / | ||
| 260 |
_aUK: _bBlackwell Pub. Ltd., _cc2010. |
||
| 300 |
_axv, _b352 p. : ill.; _c24 cm. |
||
| 504 | _aIncludes bibliographical references & index. | ||
| 650 | _a1. Cerebrovascular disease-Nursing. | ||
| 650 | _a2. Evidence-based Nursing. | ||
| 700 | _aJane Williams | ||
| 710 | _aLin Perry | ||
| 710 | _aCaroline Watkins | ||
| 942 |
_2ddc _n0 _cBK-CIRC _kCirc. |
||
| 999 |
_c1372 _d1372 |
||